| 000 | 00870nam a22002177a 4500 | ||
|---|---|---|---|
| 003 | AM-YeHGA | ||
| 005 | 20250617155242.0 | ||
| 008 | 190408s1946 ||||| |||| 00| 0 rus d | ||
| 040 | _aAM-YeHGA | ||
| 041 | 0 | _arus | |
| 100 | 1 | _aИонова, Ольга Всеволодовна | |
| 245 | 1 | 0 |
_aВасилий Манчары/ _cОльга Ионова ; Науч.-исслед. ин-т яз., лит. и истории ЯАССР. |
| 260 |
_aЯкутск : _b Госиздат ЯАССР, _c1946. |
||
| 300 | _a62 с. | ||
| 546 | _aДоп. т. л. на якут. яз. | ||
| 600 | 1 | 4 | _aМанчары, Василий |
| 653 | 0 | _aГерой народа Якутии - Борьба против якутских тойонов. | |
| 710 | 2 | _aНауч.-исслед. ин-т яз., лит. и истории ЯАССР. | |
| 942 |
_2udc _cBK |
||
| 090 | _c431885 | ||
| 999 |
_c429342 _d429342 |
||